Matemáticas
Enregistré dans:
| Format: | Livre |
|---|---|
| Langue: | espagnol |
| Publié: |
Madrid
Cultural
1997
|
| Collection: | Aula: curso de orientación escolar
|
| Sujets: | |
| Tags: |
Ajouter un tag
Pas de tags, Soyez le premier à ajouter un tag!
|
MARC
| LEADER | 00000nam a2200000 a 4500 | ||
|---|---|---|---|
| 001 | UCH3925 | ||
| 003 | CL-VaPUC | ||
| 008 | 090818e19970000SP |||||||||||||||||spa|d | ||
| 020 | |a 8486732484 | ||
| 082 | 0 | 4 | |a 510 |b MAT |2 21 |
| 245 | 1 | 0 | |a Matemáticas |
| 300 | |a 409 p | ||
| 942 | |c BK | ||
| 945 | |d 20090818 00:00:00 |a ccalabra | ||
| 260 | |a Madrid |b Cultural |c 1997 | ||
| 650 | 0 | |a Álgebra |9 259567 | |
| 650 | 0 | |a Aritmética |9 270049 | |
| 650 | 0 | |a Cálculo diferencial |9 260102 | |
| 650 | 0 | |a Geometría |9 264063 | |
| 650 | 0 | |a Trigonometría |9 259568 | |
| 650 | 0 | |a Probabilidad |9 349606 | |
| 650 | 0 | |a Estadística |9 259535 | |
| 650 | 0 | |a Educación |9 258661 | |
| 583 | |a last modification |c 20090818 00:00:00 |k Rodrigo Vera | ||
| 490 | 0 | |a Aula: curso de orientación escolar | |
| 999 | |c 335329 |d 335327 | ||